[Event "Oberliga Baden 1920"]
[Site "Baden"]
[Date "2019.10.20"]
[Round "2.2"]
[White "Inkiov, Ventzislav"]
[Black "Arnold, Max"]
[Result "1-0"]
[WhiteElo "2423"]
[BlackElo "2297"]
[PlyCount "137"]
[EventDate "2019.09.29"]
[EventType "team-tourn"]
[EventRounds "9"]
[EventCountry "GER"]
[SourceTitle "CBM 195 Extra"]
[Source "ChessBase"]
[SourceDate "2020.05.31"]
[SourceVersion "1"]
[SourceVersionDate "2020.05.31"]
[SourceQuality "1"]
[WhiteTeam "Oetigheim"]
[BlackTeam "Ettlingen"]
[WhiteTeamCountry "GER"]
[BlackTeamCountry "GER"]

1. d4 Nf6 2. c4 e6 3. Nf3 d5 4. g3 Bb4+ 5. Bd2 Bd6 6. Bg2 c6 7. Nc3 Nbd7 8. e4 Nxe4 9. Nxe4 dxe4 10. Ng5 Be7 11. Nxe4 0-0 12. Bc3 Qc7 13. 0-0 f5 14. Nd2 e5 15. dxe5 Nxe5 16. Qe2 Bf6 17. c5 Bd7 18. Nc4 Nxc4 19. Qxc4+ Kh8 20. Bxf6 Rxf6 21. Rfe1 f4 22. Re7 Re8 23. Rae1 Rxe7 24. Rxe7 Qd8 25. Qe4 h6 26. h4 fxg3 27. fxg3 Kg8 28. Bh3 Rf7 29. Rxf7 Kxf7 30. Qd3 Ke8 31. Qg6+ Kf8 32. Qd6+ Ke8 33. Bf1 Bc8 34. Qe5+ Qe7 35. Qc3 Be6 36. a3 Bd5 37. Kf2 Kf7 38. b4 Qf6+ 39. Qxf6+ Kxf6 40. Ke3 Ke5 41. Bh3 Bb3 42. Bg2 Bd5 43. Bh3 Bb3 44. Bd7 Bc2 45. Bc8 b6 46. cxb6 axb6 47. Ba6 b5 48. Bc8 Be4 49. Bg4 Bd5 50. Bd1 Be4 51. a4 bxa4 52. Bxa4 Bd5 53. Bc2 Bg2 54. Bg6 Bf1 55. Be4 Bb5 56. Bf3 Ba4 57. Kd3 Bb5+ 58. Kc3 g5 59. h5 Kf5 60. Kd4 g4 61. Be4+ Kg5 62. Bg6 Bf1 63. Kc5 Bg2 64. Be8 Bf3 65. Bxc6 Kxh5 66. b5 Be2 67. b6 Ba6 68. Bb5 Bb7 69. Kd6 1-0

[Event "Rhein Main op-A 22nd"]
[Site "Bad Homburg"]
[Date "2019.06.20"]
[Round "3"]
[White "Inkiov, Ventzislav"]
[Black "Korolev, Alexandr"]
[Result "1-0"]
[WhiteElo "2409"]
[BlackElo "2143"]
[PlyCount "93"]
[EventDate "2019.06.19"]
[EventType "swiss"]
[EventRounds "9"]
[EventCountry "GER"]
[SourceTitle "EXT 2020"]
[Source "ChessBase"]
[SourceDate "2019.10.17"]
[SourceVersion "1"]
[SourceVersionDate "2019.10.17"]
[SourceQuality "1"]

1. d4 d6 2. e4 Nf6 3. Nc3 e5 4. Nf3 Nbd7 5. g3 Be7 6. Bg2 0-0 7. 0-0 c6 8. a4 a5 9. b3 exd4 10. Nxd4 Nc5 11. h3 Re8 12. Ba3 Bf8 13. Re1 Qc7 14. Qd2 Bd7 15. g4 Rad8 16. Rad1 Bc8 17. Qf4 Qe7 18. Qg3 g6 19. f4 Ne6 20. Nf5 Qc7 21. Ne3 d5 22. Bxf8 Rxf8 23. exd5 Qxf4 24. Qxf4 Nxf4 25. dxc6 bxc6 26. Nc4 Nxg2 27. Kxg2 h5 28. g5 Nd5 29. Nxd5 cxd5 30. Nxa5 d4 31. Re5 f6 32. gxf6 Rxf6 33. Rd2 Ba6 34. b4 Bf1+ 35. Kh2 Rf3 36. Rg5 Bxh3 37. Nc6 Rd6 38. Ne5 Ra3 39. Nxg6 Kh7 40. Ne5 Bf1 41. Rxh5+ Kg7 42. Rf2 Ra1 43. Rg5+ Kh7 44. Rf7+ Kh6 45. Rg1 Rc1 46. Rf2 Rd5 47. Ng4+ 1-0

[Event "Karlsruhe Grenke op"]
[Site "Karlsruhe"]
[Date "2019.04.20"]
[Round "4"]
[White "Hakobyan, Aram"]
[Black "Inkiov, Ventzislav"]
[Result "1/2-1/2"]
[WhiteElo "2554"]
[BlackElo "2421"]
[PlyCount "59"]
[EventDate "2019.04.18"]
[EventType "swiss"]
[EventRounds "9"]
[EventCountry "GER"]
[SourceTitle "CBM 189 Extra"]
[Source "ChessBase"]
[SourceDate "2019.06.03"]
[SourceVersion "1"]
[SourceVersionDate "2019.06.03"]
[SourceQuality "1"]

1. e4 c5 2. Nf3 d6 3. Bb5+ Bd7 4. Bxd7+ Nxd7 5. 0-0 Ngf6 6. Qe2 e6 7. c4 Ne5 8. Rd1 Be7 9. Nc3 0-0 10. d4 Nxf3+ 11. Qxf3 cxd4 12. Rxd4 Qb6 13. Rd1 Qc6 14. b3 a6 15. Ba3 Rfe8 16. Rac1 Nd7 17. Qg3 Nc5 18. Bb2 Bf8 19. f3 b5 20. cxb5 Qb6 21. Qf2 axb5 22. b4 Nd7 23. Qxb6 Nxb6 24. Nxb5 Rxa2 25. Nxd6 Bxd6 26. Rxd6 Rxb2 27. Rxb6 g6 28. Rbc6 Rxb4 29. Rc8 Rxc8 30. Rxc8+ 1/2-1/2

[Event "Karlsruhe Grenke op"]
[Site "Karlsruhe"]
[Date "2019.04.20"]
[Round "5"]
[White "Inkiov, Ventzislav"]
[Black "Donchenko, Alexander"]
[Result "1/2-1/2"]
[WhiteElo "2421"]
[BlackElo "2584"]
[PlyCount "52"]
[EventDate "2019.04.18"]
[EventType "swiss"]
[EventRounds "9"]
[EventCountry "GER"]
[SourceTitle "CBM 189 Extra"]
[Source "ChessBase"]
[SourceDate "2019.06.03"]
[SourceVersion "1"]
[SourceVersionDate "2019.06.03"]
[SourceQuality "1"]

1. d4 Nf6 2. c4 c5 3. e3 g6 4. Nc3 Bg7 5. Nf3 0-0 6. Be2 cxd4 7. exd4 d5 8. 0-0 Nc6 9. Be3 Bf5 10. c5 Ne4 11. Rc1 Nxc5 12. dxc5 d4 13. Nxd4 Nxd4 14. Bc4 Rc8 15. Bd5 e5 16. b4 b6 17. g4 bxc5 18. bxc5 Bd7 19. Bxd4 exd4 20. Ne4 Bxg4 21. Bxf7+ Rxf7 22. Qxg4 Rf5 23. h4 Bf8 24. c6 Be7 25. Ng3 Rf6 26. Rfd1 Rfxc6 1/2-1/2

[Event "Werther Schloss op 25th"]
[Site "Werther"]
[Date "2019.04.14"]
[Round "6"]
[White "Inkiov, Ventzislav"]
[Black "Genov, Petar"]
[Result "1/2-1/2"]
[WhiteElo "2421"]
[BlackElo "2431"]
[PlyCount "21"]
[EventDate "2019.04.11"]
[EventType "swiss"]
[EventRounds "7"]
[EventCountry "GER"]
[SourceTitle "CBM 189 Extra"]
[Source "ChessBase"]
[SourceDate "2019.06.03"]
[SourceVersion "1"]
[SourceVersionDate "2019.06.03"]
[SourceQuality "1"]

1. Nf3 d5 2. g3 Nf6 3. Bg2 g6 4. c4 c6 5. cxd5 cxd5 6. d4 Bg7 7. 0-0 0-0 8. Nc3 e6 9. Bg5 h6 10. Bxf6 Bxf6 11. e3 1/2-1/2

[Event "Werther Schloss op 25th"]
[Site "Werther"]
[Date "2019.04.12"]
[Round "2"]
[White "Inkiov, Ventzislav"]
[Black "Schulze, Lara"]
[Result "1-0"]
[WhiteElo "2421"]
[BlackElo "2139"]
[PlyCount "45"]
[EventDate "2019.04.11"]
[EventType "swiss"]
[EventRounds "7"]
[EventCountry "GER"]
[SourceTitle "CBM 189 Extra"]
[Source "ChessBase"]
[SourceDate "2019.06.03"]
[SourceVersion "1"]
[SourceVersionDate "2019.06.03"]
[SourceQuality "1"]

1. e4 e6 2. d4 d5 3. e5 c5 4. c3 Qb6 5. Nf3 Nc6 6. a3 f6 7. Bd3 fxe5 8. dxe5 Nh6 9. 0-0 c4 10. Bc2 g6 11. Nbd2 Ng4 12. Ba4 Bg7 13. Qe2 0-0 14. Bxc6 bxc6 15. h3 Nh6 16. Re1 Bd7 17. Nf1 c5 18. N1h2 Rab8 19. Rb1 Ba4 20. Bg5 Rb7 21. Qd2 Nf5 22. Ng4 Bb3 23. Nf6+ 1-0

[Event "Palmanova op 7th"]
[Site "Palmanova"]
[Date "2018.12.09"]
[Round "5"]
[White "Bifulco, Michel"]
[Black "Inkiov, Ventzislav"]
[Result "1-0"]
[WhiteElo "2292"]
[BlackElo "2431"]
[PlyCount "69"]
[EventDate "2018.12.07"]
[EventType "swiss"]
[EventRounds "5"]
[EventCountry "ITA"]
[SourceTitle "CBM 187 Extra"]
[Source "ChessBase"]
[SourceDate "2018.11.04"]
[SourceVersion "1"]
[SourceVersionDate "2018.11.04"]
[SourceQuality "1"]

1. d4 Nf6 2. g3 e6 3. Bg2 d5 4. Nf3 c5 5. 0-0 Nc6 6. c4 Be7 7. cxd5 Nxd5 8. Nc3 Nxc3 9. bxc3 0-0 10. Ba3 Qa5 11. Bxc5 Bxc5 12. dxc5 Qxc5 13. Qb3 Na5 14. Qb4 Qc7 15. c4 b6 16. Rfc1 Ba6 17. c5 Rac8 18. c6 Bxe2 19. Nd4 Ba6 20. Nb3 Nxb3 21. axb3 Bd3 22. Rd1 Rfd8 23. Rd2 a5 24. Qh4 e5 25. Rad1 Rd4 26. Rxd3 Rxh4 27. gxh4 Kf8 28. Rd7 Qb8 29. Rb7 Qa8 30. Rdd7 Rd8 31. Rxf7+ Kg8 32. Rxg7+ Kf8 33. Rxh7 Kg8 34. Bf1 b5 35. Bxb5 1-0

[Event "Verbandsliga Suedbaden 1819"]
[Site "Baden"]
[Date "2018.11.04"]
[Round "2.3"]
[White "Daeschler, Florian"]
[Black "Inkiov, Ventzislav"]
[Result "0-1"]
[WhiteElo "2265"]
[BlackElo "2421"]
[PlyCount "88"]
[EventDate "2018.10.14"]
[EventType "team-tourn"]
[EventRounds "9"]
[EventCountry "GER"]
[SourceTitle "EXT 2020"]
[Source "ChessBase"]
[SourceDate "2019.10.17"]
[SourceVersion "1"]
[SourceVersionDate "2019.10.17"]
[SourceQuality "1"]
[WhiteTeam "Lahr"]
[BlackTeam "Oetigheim"]
[WhiteTeamCountry "GER"]
[BlackTeamCountry "GER"]

1. d4 Nf6 2. c4 e6 3. g3 d5 4. Nf3 dxc4 5. Bg2 Nc6 6. Qa4 Bb4+ 7. Bd2 Nd5 8. Qb5 Bxd2+ 9. Nbxd2 c3 10. bxc3 Nxc3 11. Qd3 Nd5 12. 0-0 Nf6 13. Rfc1 0-0 14. Rab1 h6 15. Nb3 a5 16. Nc5 Ra7 17. Na4 Nb4 18. Qa3 Nfd5 19. e4 Nf6 20. Nc3 Bd7 21. Rxb4 axb4 22. Qxa7 bxc3 23. Qxb7 Qb8 24. Qb3 Bc6 25. Ne5 Bxe4 26. Qxb8 Rxb8 27. Bxe4 Nxe4 28. f3 Nd6 29. Rxc3 Rb1+ 30. Kg2 Rb2+ 31. Kh3 Nf5 32. Rc5 Nxd4 33. Rxc7 f6 34. Rc8+ Kh7 35. Nd7 Nxf3 36. Nf8+ Kg8 37. Nxe6+ Kf7 38. Nf4 h5 39. Rc7+ Kg8 40. g4 h4 41. g5 f5 42. Rc8+ Kh7 43. g6+ Kh6 44. Rh8+ Kg5 0-1

[Event "Wiesbaden op 30th"]
[Site "Wiesbaden"]
[Date "2018.08.26"]
[Round "6"]
[White "Inkiov, Ventzislav"]
[Black "Weber, Samuel"]
[Result "1-0"]
[WhiteElo "2425"]
[BlackElo "2133"]
[PlyCount "89"]
[EventDate "2018.08.23"]
[EventType "swiss"]
[EventRounds "7"]
[EventCountry "GER"]
[SourceTitle "CBM 186 Extra"]
[Source "ChessBase"]
[SourceDate "2018.08.24"]
[SourceVersion "1"]
[SourceVersionDate "2018.08.24"]
[SourceQuality "1"]

1. e4 e5 2. Bc4 Nf6 3. d3 Nc6 4. Nc3 Bc5 5. f4 exf4 6. Bxf4 d6 7. Nf3 Bg4 8. Na4 Qd7 9. Nxc5 dxc5 10. h3 Bxf3 11. Qxf3 Nd4 12. Qd1 b5 13. Bb3 0-0 14. 0-0 a5 15. c3 Nxb3 16. axb3 Rfd8 17. Bg5 Qxd3 18. Qe1 Re8 19. Bxf6 gxf6 20. Qf2 Qxe4 21. Qxc5 Re5 22. Qxc7 Rg5 23. Rf2 Kh8 24. Qxf7 Rg6 25. Qd7 Rag8 26. Qd2 Rg3 27. Raf1 Rxh3 28. Qf4 Qxf4 29. Rxf4 b4 30. cxb4 Rxb3 31. bxa5 Rxb2 32. R4f2 Rxf2 33. Kxf2 Ra8 34. Ra1 Ra6 35. Ke3 Kg7 36. Kd4 f5 37. Kc5 Kh6 38. Kb5 Re6 39. a6 Re8 40. a7 Ra8 41. Kb6 Kg5 42. Kb7 Rg8 43. a8Q Rxa8 44. Rxa8 Kf4 45. Ra3 1-0

[Event "Sant'Angelo Festival Abruzzo"]
[Site "Sant'Angelo"]
[Date "2018.08.09"]
[Round "6.1"]
[White "Inkiov, Ventzislav"]
[Black "Bettalli, Francesco"]
[Result "0-1"]
[WhiteElo "2425"]
[BlackElo "2018"]
[PlyCount "64"]
[EventDate "2018.08.05"]
[EventType "swiss"]
[EventRounds "9"]
[EventCountry "ITA"]
[SourceTitle "EXT 2024"]
[Source "ChessBase"]
[SourceDate "2023.10.10"]
[SourceVersion "1"]
[SourceVersionDate "2023.10.10"]
[SourceQuality "1"]

1. c4 c5 2. Nc3 Nc6 3. Nf3 g6 4. e3 Bg7 5. d4 d6 6. Be2 e6 7. d5 exd5 8. cxd5 Ne5 9. Nd2 f5 10. 0-0 Nf6 11. f4 Nf7 12. e4 0-0 13. exf5 gxf5 14. h3 Ng4 15. Nf3 Nf6 16. Bd3 Bd7 17. a4 Re8 18. Qc2 Nh6 19. Bd2 Rc8 20. b3 Nh5 21. Kh2 Qf6 22. Ng5 Nxf4 23. Rxf4 Qxg5 24. Rxf5 Qh4 25. g3 Be5 26. Rg5+ Kh8 27. Bf1 Ng4+ 28. Kh1 Qxg3 29. Be1 Nf2+ 30. Qxf2 Qxg5 31. Bg2 Rf8 32. Qe2 Qf4 0-1

[Event "Charleroi op"]
[Site "Charleroi"]
[Date "2018.08.04"]
[Round "9"]
[White "Mirzoev, Azer"]
[Black "Inkiov, Ventzislav"]
[Result "1/2-1/2"]
[WhiteElo "2506"]
[BlackElo "2432"]
[PlyCount "152"]
[EventDate "2018.07.28"]
[EventType "swiss"]
[EventRounds "9"]
[EventCountry "BEL"]
[SourceTitle "CBM 185 Extra"]
[Source "ChessBase"]
[SourceDate "2018.07.29"]
[SourceVersion "1"]
[SourceVersionDate "2018.07.29"]
[SourceQuality "1"]

1. c4 e6 2. Nf3 Nf6 3. g3 d5 4. Bg2 c5 5. cxd5 Nxd5 6. 0-0 Nc6 7. d4 Be7 8. dxc5 Bxc5 9. Nc3 Nxc3 10. Qxd8+ Nxd8 11. bxc3 b6 12. a4 Bb7 13. a5 Rc8 14. Rd1 bxa5 15. Rxa5 Bb6 16. Ra3 Nc6 17. Ne5 Nxe5 18. Bxb7 Rc7 19. Ba6 Ng4 20. e3 Ne5 21. Ra4 0-0 22. Ba3 Bc5 23. Bb4 g6 24. Kg2 Bxb4 25. cxb4 Rc2 26. h3 Rb2 27. b5 g5 28. Re4 f6 29. Red4 h5 30. Rc1 g4 31. h4 Kg7 32. Rd6 Rf7 33. Bc8 Rxb5 34. Bxe6 Re7 35. Bd5 Rb2 36. Rc8 Nf7 37. Bxf7 Kxf7 38. Rcc6 Rxe3 39. Rxf6+ Ke7 40. Ra6 Ra3 41. Rae6+ Kd7 42. Re1 Ra5 43. Kf1 Rd2 44. Rb1 Rd6 45. Rb7+ Kc6 46. Rff7 a6 47. Rfc7+ Kd5 48. Rb2 Ke6 49. Rh7 Re5 50. Rh6+ Kd7 51. Rxd6+ Kxd6 52. Rb6+ Ke7 53. Rxa6 Kf7 54. Ra3 Kf6 55. Rd3 Kg6 56. Re3 Ra5 57. Re6+ Kf7 58. Rd6 Re5 59. Rd2 Kf6 60. Rc2 Kg6 61. Rc3 Kf6 62. f3 gxf3 63. Kf2 Rf5 64. Rc4 Kg6 65. Rf4 Ra5 66. Kxf3 Ra3+ 67. Kg2 Ra2+ 68. Rf2 Rxf2+ 69. Kxf2 Kf5 70. Kf3 Ke5 71. g4 hxg4+ 72. Kxg4 Kf6 73. h5 Kg7 74. Kg5 Kh7 75. h6 Kh8 76. h7 Kxh7 1/2-1/2

[Event "Charleroi op"]
[Site "Charleroi"]
[Date "2018.08.02"]
[Round "7"]
[White "Inkiov, Ventzislav"]
[Black "Maddens, Martijn"]
[Result "1-0"]
[WhiteElo "2432"]
[BlackElo "2141"]
[PlyCount "61"]
[EventDate "2018.07.28"]
[EventType "swiss"]
[EventRounds "9"]
[EventCountry "BEL"]
[SourceTitle "CBM 185 Extra"]
[Source "ChessBase"]
[SourceDate "2018.07.29"]
[SourceVersion "1"]
[SourceVersionDate "2018.07.29"]
[SourceQuality "1"]

1. c4 f5 2. d4 Nf6 3. Nc3 d6 4. Nf3 g6 5. g3 Bg7 6. Bg2 0-0 7. 0-0 Qe8 8. b3 Na6 9. Ba3 c6 10. Qc2 Rb8 11. b4 b5 12. cxb5 cxb5 13. Qb3+ Kh8 14. Rad1 e5 15. dxe5 dxe5 16. Rd6 Nc7 17. Rfd1 Qe7 18. Bb2 e4 19. Ne5 Qxe5 20. Nxe4 Qxb2 21. Qxb2 Nxe4 22. Qc2 Nxd6 23. Qxc7 Rb6 24. Rxd6 Be5 25. Qc5 Rxd6 26. Qxe5+ Rdf6 27. Bd5 a6 28. f4 Bd7 29. Qe7 Be8 30. h4 h6 31. Kf2 1-0

[Event "Charleroi op"]
[Site "Charleroi"]
[Date "2017.08.03"]
[Round "7"]
[White "Inkiov, Ventzislav"]
[Black "Sochacki, Christophe"]
[Result "0-1"]
[WhiteElo "2459"]
[BlackElo "2451"]
[PlyCount "142"]
[EventDate "2017.07.29"]
[EventType "swiss"]
[EventRounds "9"]
[EventCountry "BEL"]
[SourceTitle "CBM 179 Extra"]
[Source "ChessBase"]
[SourceDate "2017.08.23"]
[SourceVersion "1"]
[SourceVersionDate "2017.08.23"]
[SourceQuality "1"]

1. e4 e6 2. d4 d5 3. e5 c5 4. c3 Nc6 5. Nf3 Qb6 6. a3 c4 7. Be2 Bd7 8. 0-0 Na5 9. Nbd2 Ne7 10. Rb1 Nec6 11. Re1 Be7 12. Nf1 h6 13. Be3 Nb3 14. Ng3 0-0-0 15. Nd2 Nca5 16. Nxb3 Nxb3 17. Nh5 Rdg8 18. Bf1 Ba4 19. Qf3 Bg5 20. Nf4 Na5 21. Re2 Kb8 22. g3 Bb3 23. Rbe1 Qc6 24. Bg2 g6 25. h4 Bxf4 26. Qxf4 Rh7 27. Qf6 Qa4 28. Bh3 g5 29. h5 Bd1 30. Bg4 Bxe2 31. Rxe2 Qd1+ 32. Kg2 Re8 33. f4 gxf4 34. Bxf4 Reh8 35. Bf3 Ka8 36. Rd2 Qb1 37. Bd1 Qe4+ 38. Kh2 Nc6 39. Bc2 Qf3 40. Bxh7 Qxh5+ 41. Kg2 Rxh7 42. Rf2 b5 43. Bd2 Kb7 44. Rf4 Qd1 45. Rf2 Kc7 46. Qf3 Qb1 47. Qh5 Qxb2 48. Bxh6 Qxa3 49. Rxf7+ Rxf7 50. Qxf7+ Qe7 51. Qg8 a5 52. Bf8 Qd7 53. Bd6+ Kb7 54. g4 b4 55. cxb4 axb4 56. g5 b3 57. g6 b2 58. Qf7 Qxf7 59. gxf7 b1Q 60. f8Q Qg6+ 61. Kf2 c3 62. Ba3 c2 63. Qc5 Qd3 64. Bb2 Qb3 65. Bc1 Qc4 66. Qxc4 dxc4 67. Ke3 Kb6 68. Bb2 c3 69. Bc1 Nb4 70. d5 exd5 71. Kd4 Na2 0-1

[Event "Charleroi op"]
[Site "Charleroi"]
[Date "2017.08.02"]
[Round "6"]
[White "Real, Thibault"]
[Black "Inkiov, Ventzislav"]
[Result "0-1"]
[WhiteElo "2178"]
[BlackElo "2459"]
[PlyCount "82"]
[EventDate "2017.07.29"]
[EventType "swiss"]
[EventRounds "9"]
[EventCountry "BEL"]
[SourceTitle "CBM 179 Extra"]
[Source "ChessBase"]
[SourceDate "2017.08.23"]
[SourceVersion "1"]
[SourceVersionDate "2017.08.23"]
[SourceQuality "1"]

1. d4 Nf6 2. Bf4 c5 3. d5 Qb6 4. Nc3 Qxb2 5. Bd2 Qb6 6. e4 d6 7. f4 e6 8. Rb1 Qd8 9. Nf3 exd5 10. exd5 Be7 11. Bb5+ Nbd7 12. a4 0-0 13. 0-0 Nb6 14. Bc1 Bd7 15. Be2 Rb8 16. Ra1 Re8 17. Ra3 Bf8 18. h3 Nbxd5 19. Nxd5 Nxd5 20. Bc4 Nf6 21. Ng5 d5 22. Bxd5 Nxd5 23. Qh5 Nf6 24. Qxf7+ Kh8 25. Qa2 Re7 26. Re3 Be8 27. Ne6 Rxe6 28. Qxe6 Bc6 29. Rd3 Qe8 30. Re1 Qxe6 31. Rxe6 Bxa4 32. Bb2 Bxc2 33. Rg3 Bg6 34. f5 Nh5 35. Rg5 Bf7 36. Rh6 Rd8 37. Rhxh5 Rd1+ 38. Kh2 Bd6+ 39. g3 Rd2+ 40. Kg1 Rxb2 41. Rh4 Be7 0-1